Fluid mechanics through worked out problems (Record no. 2538)

000 -LEADER
fixed length control field 00578nam a22002177a 4500
001 - CONTROL NUMBER
control field 2538
003 - CONTROL NUMBER IDENTIFIER
control field BD-DhUET
008 - FIXED-LENGTH DATA ELEMENTS--GENERAL INFORMATION
fixed length control field 140924b xxu||||| |||| 00| 0 eng d
020 ## - INTERNATIONAL STANDARD BOOK NUMBER
International Standard Book Number 9843109230
040 ## - CATALOGING SOURCE
Transcribing agency 0
Modifying agency BD-DhUET
082 ## - DEWEY DECIMAL CLASSIFICATION NUMBER
Classification number 532
Item number QUA/2006
100 ## - MAIN ENTRY--PERSONAL NAME
Personal name Quamrul Islam , Md.
245 ## - TITLE STATEMENT
Title Fluid mechanics through worked out problems
250 ## - EDITION STATEMENT
Edition statement 1st ed.
260 ## - PUBLICATION, DISTRIBUTION, ETC. (IMPRINT)
Place of publication, distribution, etc. Gazipur
Name of publisher, distributor, etc. Islamic University of Technology
Date of publication, distribution, etc. 2006
300 ## - PHYSICAL DESCRIPTION
Extent xii,777 p.
504 ## - BIBLIOGRAPHY, ETC. NOTE
Bibliography, etc Includes bibliographies
650 #0 - SUBJECT ADDED ENTRY--TOPICAL TERM
Topical term or geographic name as entry element Fluid mechanics
700 ## - ADDED ENTRY--PERSONAL NAME
Personal name Mondal , Amalesh Chandra
942 ## - ADDED ENTRY ELEMENTS (KOHA)
Koha item type General Book
Holdings
Koha issues (times borrowed) Koha renewals Date acquired Koha date last seen Koha date last borrowed Damaged status Koha full call number Copy number Koha normalized classification for sorting Location (home branch) Price effective from Sublocation or collection (holding branch) Withdrawn status Piece designation (barcode) Koha out on loan Koha item type Source of classification or shelving scheme Not for loan Lost status Shelving location
9 2014-09-242024-08-312024-08-31 532/QUA/20061532QUA2006Central Library, BUET2014-09-24Central Library, BUET 1027492024-09-14General Book   Circulation section
16 2014-09-242025-11-092025-08-10 532/QUA/20062532_000000000000000_QUA_2006Central Library, BUET2014-09-24Central Library, BUET 102750 General Book   Circulation section
1512014-09-242026-04-122026-03-30 532/QUA/20063532_000000000000000_QUA_2006Central Library, BUET2014-09-24Central Library, BUET 102751 General Book   Circulation section
24 2015-08-172025-06-302025-06-30 532/QUA/20064532_000000000000000_QUA_2006Central Library, BUET2015-08-17Central Library, BUET 1027482025-07-14General Book   Circulation section
10 2006-11-062023-12-022023-12-02 532/QUA/20065532_000000000000000_QUA_2006Central Library, BUET2018-04-21Central Library, BUET 1027522023-12-16General Book   Circulation section